000 01381cam a2200145 4500500
005 20260329023252.0
041 _afre
042 _adc
100 1 0 _aFarago, France
_eauthor
700 1 0 _aLamotte, Christine
_eauthor
245 0 0 _aLe Mal : Prépas scientifiques - Programme 2010-2011
260 _bArmand Colin,
_c2010.
520 _aLE MALWilliam Shakespeare,MacbethJean-Jacques Rousseau, Profession de foi du vicaire savoyardJean Giono, Les Âmes fortesCet ouvrage a été conçu de manière à permettre aux élèves des classes préparatoires aux Grandes Écoles Scientifiques de maîtriser parfaitement, et dans les meilleurs délais, à la fois les pratiques (comment construire sa réflexion et la présenter en bonne adéquation avec ce qui est attendu du candidat), le savoir (quelles sont les lignes de force de la réflexion sur le mal, que faut-il retenir des œuvres au programme) et les exigences de performance personnelle (comment faire la différence…) pour réussir l’épreuve de français / philo des concours.Dans l’ordre:1. Étude générale du thème2. Résumé/analyse des 3 œuvres3. Bilan comparatif de l’analyse des 3 œuvres4. Méthodologie (dissertation, résumé, épreuves orales)5. Dissertations et résumés intégralement rédigés
856 4 1 _uhttps://shs.cairn.info/le-mal--9782200350192?lang=fr&redirect-ssocas=7080
999 _c1925950
_d1925949